Taylor Swift - Chansons de l'album folklore dans l'ordre - Statistiques

Statistiques générales
  • Ce quiz a été pris 152 fois
  • Le résultat moyen est 15 sur 17
Statistiques - réponses
Hint Réponse % Correct
Piste 2 cardigan
97%
Piste 1 the 1
97%
Piste 5 my tears ricochet
93%
Piste 3 the last great american dynasty
93%
Piste 4 exile
90%
Piste 8 august
89%
Piste 17 the lakes
89%
Piste 10 illicit affairs
88%
Piste 7 seven
88%
Piste 16 hoax
86%
Piste 14 betty
84%
Piste 13 epiphany
84%
Piste 6 mirrorball
84%
Piste 9 this is me trying
83%
Piste 15 peace
81%
Piste 12 mad woman
79%
Piste 11 invisible string
66%
Aucun quiz correspondant
Distribution des résultats
% des personnes avec chaque résultat
Percentile par nombre de réponses
Votre historique - résultats
Vous n’avez pas pris ce quiz